| 000 | 01076cam a2200325 i 4500 | ||
|---|---|---|---|
| 999 |
_c200448330 _d66542 |
||
| 001 | 200448330 | ||
| 003 | TR-AnTOB | ||
| 005 | 20220330170623.0 | ||
| 007 | ta | ||
| 008 | 220330b1978 tu d 000 0 tur d | ||
| 035 | _a(TR-AnTOB)200448330 | ||
| 040 |
_aBGZ _beng _erda _cBGZ _dTR-AnTOB |
||
| 041 | 0 | _atur | |
| 050 | 4 |
_aHD2755.5 _b.A47 1978 |
|
| 090 |
_aHD2755.5 _b.A47 1978 |
||
| 100 | 1 |
_aAlpar, Cem _eauthor _937657 |
|
| 245 | 1 | 0 |
_aÇok uluslu şirketler ve ekonomik kalkınma / _cDoç. Dr. Cem Alpar. |
| 250 | _aGenişletilmiş ikinci basım. | ||
| 264 | 1 |
_aAnkara : _bAnkara İktisadi ve Ticari İlimler Akademisi, _c1978. |
|
| 300 |
_a243 pages : _btabes ; _c24 cm |
||
| 336 |
_atext _btxt _2rdacontent |
||
| 337 |
_aunmediated _bn _2rdamedia |
||
| 338 |
_avolume _bnc _2rdacarrier |
||
| 490 | 0 |
_aAnkara İktisadi ve Ticari İlimler Akademisi ; _vyayın no : 124 |
|
| 650 | 7 |
_aUluslararası ticari teşebbüsler _2etuturkob _922161 |
|
| 650 | 7 |
_aEkonomik kalkınma _2etuturkob _99621 |
|
| 942 |
_2lcc _cBK |
||